How to improve your personality / (Record no. 1711)
[ view plain ]
| 000 -LEADER | |
|---|---|
| fixed length control field | 00921nam a22002771 4500 |
| 001 - CONTROL NUMBER | |
| control field | 1711 |
| 003 - CONTROL NUMBER IDENTIFIER | |
| rucl marc code | BD-RjUL |
| 005 - DATE AND TIME OF LATEST TRANSACTION | |
| control field | 20211208233408.0 |
| 008 - FIXED-LENGTH DATA ELEMENTS--GENERAL INFORMATION | |
| fixed length control field | 1312 s1963 nyua 001 0 eng |
| 035 ## - SYSTEM CONTROL NUMBER | |
| System control number | (BD-RjUL)1738 |
| 040 ## - CATALOGING SOURCE | |
| Original cataloging agency | DLC |
| Transcribing agency | DLC |
| Modifying agency | DLC |
| -- | BD-RjUL |
| Language of cataloging | eng |
| 041 ## - LANGUAGE CODE | |
| Language code of text/sound track or separate title | eng |
| 082 00 - DEWEY DECIMAL CLASSIFICATION NUMBER | |
| Classification number | 137.5 |
| Edition number | 16 |
| Author mark and year | NEH 1963 |
| 100 1# - MAIN ENTRY--PERSONAL NAME | |
| Personal name | Newton, Roy |
| Dates associated with a name | 1904- |
| 9 (RLIN) | 5664 |
| 245 10 - TITLE STATEMENT | |
| Title | How to improve your personality / |
| Statement of responsibility, etc. | Roy Newton [and] Helen Hinkson Green. |
| 250 ## - EDITION STATEMENT | |
| Edition statement | 3d ed. |
| 260 ## - PUBLICATION, DISTRIBUTION, ETC. (IMPRINT) | |
| Place of publication, distribution, etc. | New York : |
| Name of publisher, distributor, etc. | Gregg Pub. Division, McGraw-Hill , |
| Date of publication, distribution, etc. | c1963 |
| 300 ## - PHYSICAL DESCRIPTION | |
| Pagination | iv, 219 p. : |
| Illustrations | illus. ; |
| Size | 23 cm. |
| 504 ## - BIBLIOGRAPHY, ETC. NOTE | |
| Bibliography, etc | Includes bibliographical references and index. |
| 650 #0 - SUBJECT ADDED ENTRY--TOPICAL TERM | |
| Topical term or geographic name as entry element | Personality. |
| 9 (RLIN) | 5665 |
| 700 1# - ADDED ENTRY--PERSONAL NAME | |
| Personal name | Green, Helen Hinkson, |
| Relator term | joint author. |
| 856 ## - ELECTRONIC LOCATION AND ACCESS | |
| Uniform Resource Identifier | <a href="http://www.worldcat.org/title/how-to-improve-your-personality/oclc/594277&referer=brief_results">http://www.worldcat.org/title/how-to-improve-your-personality/oclc/594277&referer=brief_results</a> |
| 942 ## - ADDED ENTRY ELEMENTS (KOHA) | |
| Source of classification or shelving scheme | Dewey Decimal Classification |
| Koha item type | Books |
| Lost status | Source of classification or shelving scheme | Damaged status | Not for loan | Collection code | Permanent Location | Current Location | Shelving location | Date acquired | Source of acquisition | Cost, normal purchase price | Total Checkouts | Full call number | Date last seen | Copy number | Koha item type | Date checked out |
|---|---|---|---|---|---|---|---|---|---|---|---|---|---|---|---|---|
| Dewey Decimal Classification | Not For Loan | Non-fiction | Central Library, University of Rajshahi | Central Library, University of Rajshahi | Reading Room | 03/11/1965 | Mirza book agency | 22.50 | 137.5 NEH 1963 | 08/12/2013 | C-1 | Books | ||||
| Dewey Decimal Classification | Non-fiction | Central Library, University of Rajshahi | Central Library, University of Rajshahi | 03/11/1965 | Mirza Book Agency. | 22.50 | 4 | 137.5 NEH 1963 | 24/05/2023 | C-2 | Books | 07/05/2023 |